000 00407pab a2200145 454500
008 180718b1987 xxu||||| |||| 00| 0 eng d
100 _aIyer, T.N. Anantharam
245 _aInformation technology, electronic banking and developments in India
260 _c1987
300 _a30-42
362 _aJan.-Mar.
650 _aBanks - India
773 _aJournal of the Indian Institute of Bankers
909 _a4310
999 _c4310
_d4310